Lataa...

Cadmium toxicity and tolerance in plants

Bibliografiset tiedot
Päätekijät: Khan, Nafees A, Samiullah
Aineistotyyppi: Printed Book
Julkaistu: Newdelhi, Narosa 2006
Aiheet:
LEADER 004960000a22001570004500
020 |a 81 7319 737 7 
082 |a 615.9253 KHA 
100 |a Khan, Nafees A  |9 143845 
100 |a Samiullah  |9 143846 
245 |a Cadmium toxicity and tolerance in plants 
260 |a Newdelhi, Narosa 
260 |c 2006 
650 |a Cadmium toxicity  |9 10067 
942 |c BK 
999 |c 179240  |d 179236 
952 |0 0  |1 0  |4 0  |6 615_925300000000000_KHA  |7 0  |9 177728  |a SES  |b SES  |d 2019-05-16  |l 0  |o 615.9253 KHA  |p SES02859  |r 2019-05-16  |w 2019-05-16  |y BK